Moviments demogràfic i de població de Catalunya / Generalitat de Catalunya. Departament de Presidència
Descripción Física:
3 fascicles en un volum ; 27'5 cm
Materias:
Catalunya -- Estadístiques demogràfiques
MARC
| LEADER | 00000nam a2200000Ia 4500 | ||
|---|---|---|---|
| 001 | 1123 | ||
| 008 | 160829s1937 xx 000 0 cat d | ||
| 080 | |a M-1-189 | ||
| 110 | |a Catalunya. |b Departament de la Presidència |9 10777 | ||
| 245 | |a Moviments demogràfic i de població de Catalunya / Generalitat de Catalunya. Departament de Presidència | ||
| 260 | |a [Barcelona] : |b Servei Central d'Estadística, |c 1937 | ||
| 300 | |a 3 fascicles en un volum ; |c 27'5 cm | ||
| 650 | |a Catalunya |x Estadístiques demogràfiques |9 24319 | ||
| 901 | |a Arxiu | ||
| 942 | |n 1 | ||
| 952 | |0 0 |1 0 |4 0 |6 M1189 |7 1 |9 43082 |a Arxiu |b Arxiu |d 2016-12-01 |l 0 |o M-1-189 |p 1123 |r 2016-12-01 00:00:00 |w 2016-12-01 |y ARXIU | ||
| 999 | |c 45626 |d 45626 | ||